Word Ladder: 1967 Film Quiz Stats

 Plays Quiz Updated Feb 24, 2018

Challenge
Share
Tweet
Embed
Score 0/63 Timer 07:00
0 Plays Today
Clue 4-Letter Word % Correct
Bake, boil, or broilCOOK
97.1%
'____ The Herald Angels'HARK
96.2%
Large pondLAKE
95.9%
• Engagement symbol ••RING•
95.5%
Wild pigBOAR
95.3%
Country music's WilliamsHANK
95.2%
NYC's CentralPARK
95.1%
Place for ice hockeyRINK
94.7%
2nd largest city in IrelandCORK
94.7%
• Third gospel ••LUKE•
94.5%
Rural roadLANE
94.2%
Level of a soldierRANK
94%
MailedSENT
93.9%
Come ashoreLAND
92.8%
Word with chop or barrelPORK
92.7%
Cook the outside ofSEAR
92.7%
Ursine animalBEAR
92.4%
Chimney residueSOOT
91.7%
• Hamburger Helper mascot ••HAND•
91.6%
Advil or aspirin, maybePILL
90.8%
• Songwriter Simon ••PAUL•
90.4%
Wintery precipitationSNOW
90.1%
• The sun, for one ••STAR•
88.9%
• Hip ••COOL•
88.4%
Not fastSLOW
88.2%
Casket clothPALL
87.3%
Israel's first kingSAUL
87.2%
Lion's coifMANE
86.5%
On a ____ and a prayerWING
86.4%
DiatribeRANT
86.2%
1996 Tony winnerRENT
86%
Actor AstinSEAN
84.2%
Clue 4-Letter Word % Correct
Scattered stackPILE
84.1%
Decorative scarvesBOAS
83%
Long forPINE
82.3%
Word with back or beltSEAT
82.3%
Deep, dark redWINE
81.7%
Boston ____ OrchestraPOPS
81.4%
SpiritSOUL
81.3%
PhlegmSNOT
80.8%
John Paul, but not George or RingoPOPE
80.4%
NincompoopFOOL
79.8%
Make into an angleBEND
79.7%
Pay the billFOOT
79.7%
Rubber ____BAND
79.6%
Not fairFOUL
78.6%
Dances along to the radioBOPS
78.1%
Rapper FiascoLUPE
77.6%
To run with a bounding strideLOPE
77.4%
2000 Eminem singleSTAN
77.2%
AggravationBANE
75.2%
Intentional tangleKNOT
72%
• Understood •• KNEW •
70.6%
From the startANEW
63.4%
Archaic term for enoughANOW
61.7%
A big collection of stuffSLEW
58.9%
Took offFLEW
58.2%
James ____ PolkKNOX
55.2%
Look after, protectFEND
54.4%
Tinkertoy competitorK'NEX
53.9%
• Actor/director Terrence •• MANN •
52.6%
Took offFLED
50.2%
ProvenderFEED
46.9%

Today's Daily Dose

Word Ladder
Anchorman

Get the Picture
'Head' Bands

You're not logged in!

Compare scores with friends on all Sporcle quizzes.
OR
Log In

You Might Also Like...

Show Comments

Extras

Top Quizzes Today


Score Distribution

Your Account Isn't Verified!

In order to create a playlist on Sporcle, you need to verify the email address you used during registration. Go to your Sporcle Settings to finish the process.

Report this User

Report this user for behavior that violates our Community Guidelines.

Details: